000 00531nam a2200169Ia 4500
008 090201s9999 xx 000 0 und d
010 _aKPL-63167
040 _bमराठी
041 _aमराठी
082 _a4017
_b63167
100 _aअरुण हरकारे
245 _aकोळयाचं जाळ
_cअरुण हरकारे
260 _c2004
_bअक्षता पब्लिकेशन
300 _a192
_bमोठा
600 _aकोळयाचं जाळ
942 _cBOOK
999 _c205098
_d205098